[Event "Stay Safe Play From Home 277"]
[Site "Emanuel Lasker Arena"]
[Date "2020.07.05"]
[Round "7"]
[White "BrainThinker22"]
[Black "Lnram"]
[Result "1-0"]
[WhiteElo "2397"]
[BlackElo "2475"]
[Annotator "NA"]
[PlyCount "63"]
[EventDate "2020.07.05"]
[EventType "swiss (blitz)"]

1. e4 {[%emt 0:00:00]} c5 {[%emt 0:00:01]} 2. Nc3 {[%emt 0:00:01]} e6 {[%emt 0:00:01]} 3. g3 {[%emt 0:00:00]} d6 {[%emt 0:00:01]} 4. Bg2 {[%emt 0:00:00]} Nc6 {[%emt 0:00:01]} 5. d3 {[%emt 0:00:00]} g6 {[%emt 0:00:01]} 6. Be3 {[%emt 0:00:00]} Bg7 {[%emt 0:00:01]} 7. Qd2 {[%emt 0:00:00]} Nge7 {[%emt 0:00:01]} 8. Bh6 {[%emt 0:00:01]} O-O {[%emt 0:00:01]} 9. h4 {[%emt 0:00:01]} f5 {[%emt 0:00:02]} 10. h5 {[%emt 0:00:01]} Rf7 {[%emt 0:00:05]} 11. hxg6 {[%emt 0:00:01]} Nxg6 {[%emt 0:00:01]} 12. exf5 {[%emt 0:00:01]} exf5 {[%emt 0:00:04]} 13. Bd5 {[%emt 0:00:01]} Qe7+ {[%emt 0:00:01]} 14. Qe2 {[%emt 0:00:02]} Nce5 {[%emt 0:00:01]} 15. Bxg7 {[%emt 0:00:03]} Kxg7 {[%emt 0:00:01]} 16. Bxf7 {[%emt 0:00:01]} Qxf7 {[%emt 0:00:02]} 17. Qh5 {[%emt 0:00:02]} Kg8 {[%emt 0:00:01]} 18. O-O-O {[%emt 0:00:03]} Bd7 {[%emt 0:00:01]} 19. Nge2 {[%emt 0:00:01]} b5 {[%emt 0:00:01]} 20. Nf4 {[%emt 0:00:01]} b4 {[%emt 0:00:02]} 21. Nce2 {[%emt 0:00:01]} Re8 {[%emt 0:00:04]} 22. Nxg6 {[%emt 0:00:01]} Nxg6 {[%emt 0:00:01]} 23. Nf4 {[%emt 0:00:01]} Qg7 {[%emt 0:00:06]} 24. Nxg6 {[%emt 0:00:03]} hxg6 {[%emt 0:00:00]} 25. Qg5 {[%emt 0:00:01]} Be6 {[%emt 0:00:01]} 26. Rhe1 {[%emt 0:00:02]} Kf8 {[%emt 0:00:02]} 27. Re3 {[%emt 0:00:02]} a5 {[%emt 0:00:02]} 28. Rde1 {[%emt 0:00:01]} Bf7 {[%emt 0:00:01]} 29. Rxe8+ {[%emt 0:00:01]} Bxe8 {[%emt 0:00:01]} 30. Qd8 {[%emt 0:00:00]} Qf7 {[%emt 0:00:01]} 31. Qxd6+ {[%emt 0:00:01]} Kg7 {[%emt 0:00:01]} 32. Re7 {[%emt 0:00:01] Lnram resigns (Lag: Av=1.03s, max=1.9s)} 1-0

[Event "Stay Safe Play From Home 277"]
[Site "Emanuel Lasker Arena"]
[Date "2020.07.05"]
[Round "7"]
[White "Mepe_Nika"]
[Black "Broken sword"]
[Result "1-0"]
[WhiteElo "2323"]
[BlackElo "2483"]
[PlyCount "179"]
[EventDate "2020.07.05"]
[EventType "swiss (blitz)"]

1. d4 {[%emt 0:00:01]} d5 {[%emt 0:00:01]} 2. Bf4 {[%emt 0:00:00]} c6 {[%emt 0:00:00]} 3. e3 {[%emt 0:00:00]} Nf6 {[%emt 0:00:01]} 4. c4 {[%emt 0:00:00]} e6 {[%emt 0:00:01]} 5. Nc3 {[%emt 0:00:00]} Bd6 {[%emt 0:00:01]} 6. Bxd6 {[%emt 0:00:01]} Qxd6 {[%emt 0:00:00]} 7. Nf3 {[%emt 0:00:00]} Nbd7 {[%emt 0:00:00]} 8. Qc2 {[%emt 0:00:01]} O-O {[%emt 0:00:01]} 9. Bd3 {[%emt 0:00:01]} b6 {[%emt 0:00:00]} 10. cxd5 {[%emt 0:00:02]} exd5 {[%emt 0:00:00]} 11. O-O {[%emt 0:00:01]} Bb7 {[%emt 0:00:01]} 12. Rac1 {[%emt 0:00:00]} Rfe8 {[%emt 0:00:01]} 13. a3 {[%emt 0:00:01]} h6 {[%emt 0:00:01]} 14. b4 {[%emt 0:00:01]} Rac8 {[%emt 0:00:01]} 15. Qb1 {[%emt 0:00:03]} b5 {[%emt 0:00:01]} 16. Nd2 {[%emt 0:00:02]} Nb6 {[%emt 0:00:01]} 17. Nb3 {[%emt 0:00:00]} Nc4 {[%emt 0:00:00]} 18. Bxc4 {[%emt 0:00:01]} dxc4 {[%emt 0:00:01]} 19. Nc5 {[%emt 0:00:00]} Rc7 {[%emt 0:00:01]} 20. a4 {[%emt 0:00:01]} a6 {[%emt 0:00:01]} 21. Qb2 {[%emt 0:00:02]} Bc8 {[%emt 0:00:01]} 22. axb5 {[%emt 0:00:01]} axb5 {[%emt 0:00:02]} 23. h3 {[%emt 0:00:01]} Nd5 {[%emt 0:00:01]} 24. Nxd5 {[%emt 0:00:02]} cxd5 {[%emt 0:00:00]} 25. Ra1 {[%emt 0:00:01]} Rce7 {[%emt 0:00:01]} 26. Ra8 {[%emt 0:00:02]} Bf5 {[%emt 0:00:02]} 27. Rfa1 {[%emt 0:00:03]} g5 {[%emt 0:00:02]} 28. Rxe8+ {[%emt 0:00:02]} Rxe8 {[%emt 0:00:00]} 29. Ra5 {[%emt 0:00:01]} Bd7 {[%emt 0:00:01]} 30. Ra7 {[%emt 0:00:01]} Rd8 {[%emt 0:00:02]} 31. Qc2 {[%emt 0:00:01]} Kg7 {[%emt 0:00:02]} 32. g3 {[%emt 0:00:03]} Be8 {[%emt 0:00:02]} 33. Qf5 {[%emt 0:00:02]} Rb8 {[%emt 0:00:05]} 34. Ne6+ {[%emt 0:00:01]} Kg8 {[%emt 0:00:03]} 35. Nc5 {[%emt 0:00:03]} Kg7 {[%emt 0:00:01]} 36. Ne6+ {[%emt 0:00:01]} Kg8 {[%emt 0:00:00]} 37. Nc5 {[%emt 0:00:02]} Rc8 {[%emt 0:00:00]} 38. Qxc8 {[%emt 0:00:01]} Kf8 {[%emt 0:00:01]} 39. Ra8 {[%emt 0:00:01]} Qe7 {[%emt 0:00:00]} 40. Rb8 {[%emt 0:00:02]} f5 {[%emt 0:00:03]} 41. Kf1 {[%emt 0:00:01]} f4 {[%emt 0:00:01]} 42. gxf4 {[%emt 0:00:01]} gxf4 {[%emt 0:00:00]} 43. Qd8 {[%emt 0:00:00]} Qxd8 {[%emt 0:00:01]} 44. Rxd8 {[%emt 0:00:01]} Ke7 {[%emt 0:00:00]} 45. Rxe8+ {[%emt 0:00:01]} Kxe8 {[%emt 0:00:01]} 46. exf4 {[%emt 0:00:00]} Kf7 {[%emt 0:00:01]} 47. Ke2 {[%emt 0:00:00]} Kf6 {[%emt 0:00:00]} 48. Ke3 {[%emt 0:00:00]} Kf5 {[%emt 0:00:00]} 49. Nd7 {[%emt 0:00:01]} Ke6 {[%emt 0:00:01]} 50. Ne5 {[%emt 0:00:01]} Kd6 {[%emt 0:00:00]} 51. Nf3 {[%emt 0:00:01]} Ke6 {[%emt 0:00:01]} 52. Nh4 {[%emt 0:00:00]} Kf6 {[%emt 0:00:01]} 53. Nf3 {[%emt 0:00:00]} Ke6 {[%emt 0:00:00]} 54. Nh4 {[%emt 0:00:00]} Kd6 {[%emt 0:00:00]} 55. f5 {[%emt 0:00:00]} Ke7 {[%emt 0:00:01]} 56. f4 {[%emt 0:00:00]} Kf6 {[%emt 0:00:00]} 57. Kf3 {[%emt 0:00:01]} h5 {[%emt 0:00:01]} 58. Ke3 {[%emt 0:00:00]} Kf7 {[%emt 0:00:00]} 59. Nf3 {[%emt 0:00:00]} Kf6 {[%emt 0:00:00]} 60. Ne5 {[%emt 0:00:00]} Kxf5 {[%emt 0:00:00]} 61. Nc6 {[%emt 0:00:00]} Ke6 {[%emt 0:00:00]} 62. Na7 {[%emt 0:00:00]} Kd6 {[%emt 0:00:00]} 63. Nxb5+ {[%emt 0:00:00]} Kc6 {[%emt 0:00:00]} 64. Nc3 {[%emt 0:00:00]} Kd6 {[%emt 0:00:00]} 65. b5 {[%emt 0:00:00]} Kd7 {[%emt 0:00:01]} 66. f5 {[%emt 0:00:00]} Kd6 {[%emt 0:00:01]} 67. b6 {[%emt 0:00:00]} Kc6 {[%emt 0:00:00]} 68. f6 {[%emt 0:00:00]} h4 {[%emt 0:00:01]} 69. f7 {[%emt 0:00:00]} Kxb6 {[%emt 0:00:00]} 70. f8=Q {[%emt 0:00:00]} Ka5 {[%emt 0:00:00]} 71. Qf4 {[%emt 0:00:00]} Kb4 {[%emt 0:00:00]} 72. Qe5 {[%emt 0:00:00]} Kxc3 {[%emt 0:00:00]} 73. Qxd5 {[%emt 0:00:00]} Kb3 {[%emt 0:00:00]} 74. Qc5 {[%emt 0:00:00]} c3 {[%emt 0:00:01]} 75. d5 {[%emt 0:00:00]} c2 {[%emt 0:00:00]} 76. Qxc2+ {[%emt 0:00:00]} Kxc2 {[%emt 0:00:00]} 77. d6 {[%emt 0:00:00]} Kc3 {[%emt 0:00:00]} 78. d7 {[%emt 0:00:00]} Kc4 {[%emt 0:00:00]} 79. d8=Q {[%emt 0:00:00]} Kc5 {[%emt 0:00:00]} 80. Qxh4 {[%emt 0:00:00]} Kd6 {[%emt 0:00:00]} 81. Qg4 {[%emt 0:00:00]} Ke5 {[%emt 0:00:01]} 82. h4 {[%emt 0:00:00]} Kd6 {[%emt 0:00:00]} 83. Qg5 {[%emt 0:00:00]} Ke6 {[%emt 0:00:01]} 84. h5 {[%emt 0:00:00]} Kf7 {[%emt 0:00:00]} 85. h6 {[%emt 0:00:00]} Ke6 {[%emt 0:00:00]} 86. h7 {[%emt 0:00:00]} Kf7 {[%emt 0:00:00]} 87. h8=Q {[%emt 0:00:00]} Ke6 {[%emt 0:00:00]} 88. Qhh6+ {[%emt 0:00:00]} Kf7 {[%emt 0:00:00]} 89. Qgg7+ {[%emt 0:00:00]} Ke8 {[%emt 0:00:00]} 90. Qhh8# {[%emt 0:00:00] (Lag: Av=0.46s, max=1.4s)} 1-0

[Event "Stay Safe Play From Home 277"]
[Site "Emanuel Lasker Arena"]
[Date "2020.07.05"]
[Round "7"]
[White "Lazieri3"]
[Black "Rogan"]
[Result "0-1"]
[WhiteElo "2079"]
[BlackElo "2221"]
[PlyCount "98"]
[EventDate "2020.07.05"]
[EventType "swiss (blitz)"]

1. e4 {[%emt 0:00:01]} d5 {[%emt 0:00:00]} 2. Nc3 {[%emt 0:00:00]} Nf6 {[%emt 0:00:01]} 3. exd5 {[%emt 0:00:01]} Nxd5 {[%emt 0:00:00]} 4. Nxd5 {[%emt 0:00:01]} Qxd5 {[%emt 0:00:00]} 5. Qf3 {[%emt 0:00:00]} Qc5 {[%emt 0:00:01]} 6. c3 {[%emt 0:00:01]} e5 {[%emt 0:00:02]} 7. Qe3 {[%emt 0:00:01]} Nc6 {[%emt 0:00:01]} 8. Qxc5 {[%emt 0:00:01]} Bxc5 {[%emt 0:00:01]} 9. Bb5 {[%emt 0:00:01]} Bd7 {[%emt 0:00:01]} 10. Nf3 {[%emt 0:00:01]} f6 {[%emt 0:00:02]} 11. O-O {[%emt 0:00:02]} O-O-O {[%emt 0:00:01]} 12. d3 {[%emt 0:00:01]} Bg4 {[%emt 0:00:02]} 13. Bxc6 {[%emt 0:00:02]} bxc6 {[%emt 0:00:00]} 14. d4 {[%emt 0:00:01]} Bxf3 {[%emt 0:00:01]} 15. gxf3 {[%emt 0:00:00]} exd4 {[%emt 0:00:01]} 16. cxd4 {[%emt 0:00:00]} Bxd4 {[%emt 0:00:02]} 17. Be3 {[%emt 0:00:00]} Bxb2 {[%emt 0:00:03]} 18. Rad1 {[%emt 0:00:05]} Rxd1 {[%emt 0:00:03]} 19. Rxd1 {[%emt 0:00:00]} Rd8 {[%emt 0:00:03]} 20. Rxd8+ {[%emt 0:00:01]} Kxd8 {[%emt 0:00:00]} 21. Bxa7 {[%emt 0:00:00]} Kd7 {[%emt 0:00:01]} 22. Be3 {[%emt 0:00:03]} Ba3 {[%emt 0:00:02]} 23. Kf1 {[%emt 0:00:01]} c5 {[%emt 0:00:00]} 24. Ke2 {[%emt 0:00:01]} Kd6 {[%emt 0:00:00]} 25. Kd3 {[%emt 0:00:01]} Kd5 {[%emt 0:00:00]} 26. Kc2 {[%emt 0:00:04]} c4 {[%emt 0:00:01]} 27. Bc1 {[%emt 0:00:01]} Bc5 {[%emt 0:00:02]} 28. Be3 {[%emt 0:00:02]} Bd6 {[%emt 0:00:00]} 29. h3 {[%emt 0:00:01]} h5 {[%emt 0:00:00]} 30. Kc3 {[%emt 0:00:02]} Be5+ {[%emt 0:00:02]} 31. Kc2 {[%emt 0:00:01]} c5 {[%emt 0:00:01]} 32. a4 {[%emt 0:00:02]} Bc7 {[%emt 0:00:02]} 33. Kc3 {[%emt 0:00:02]} Ba5+ {[%emt 0:00:01]} 34. Kc2 {[%emt 0:00:00]} c3 {[%emt 0:00:01]} 35. Kd3 {[%emt 0:00:04]} g6 {[%emt 0:00:02]} 36. Bh6 {[%emt 0:00:03]} c4+ {[%emt 0:00:08]} 37. Kc2 {[%emt 0:00:01]} Kc5 {[%emt 0:00:00]} 38. Bf8+ {[%emt 0:00:02]} Kd5 {[%emt 0:00:01]} 39. Bg7 {[%emt 0:00:00]} Bd8 {[%emt 0:00:02]} 40. a5 {[%emt 0:00:05]} Bxa5 {[%emt 0:00:01]} 41. Bxf6 {[%emt 0:00:01]} Kc5 {[%emt 0:00:01]} 42. Bxc3 {[%emt 0:00:00]} Bxc3 {[%emt 0:00:00]} 43. Kxc3 {[%emt 0:00:00]} g5 {[%emt 0:00:00]} 44. f4 {[%emt 0:00:00]} gxf4 {[%emt 0:00:01]} 45. f3 {[%emt 0:00:01]} h4 {[%emt 0:00:00]} 46. Kd2 {[%emt 0:00:01]} Kd4 {[%emt 0:00:00]} 47. Ke2 {[%emt 0:00:00]} c3 {[%emt 0:00:00]} 48. Kd1 {[%emt 0:00:01]} Kd3 {[%emt 0:00:00]} 49. Kc1 {[%emt 0:00:01]} c2 {[%emt 0:00:00] Time (Lag: Av=0.59s, max=1.0s)} 0-1

[Event "Stay Safe Play From Home 277"]
[Site "Emanuel Lasker Arena"]
[Date "2020.07.05"]
[Round "7"]
[White "The Next Contender"]
[Black "Indianquant"]
[Result "0-1"]
[WhiteElo "2027"]
[BlackElo "2276"]
[PlyCount "46"]
[EventDate "2020.07.05"]
[EventType "swiss (blitz)"]

1. d4 {[%emt 0:00:00]} Nf6 {[%emt 0:00:01]} 2. c4 {[%emt 0:00:00]} e6 {[%emt 0:00:01]} 3. g3 {[%emt 0:00:01]} c5 {[%emt 0:00:01]} 4. d5 {[%emt 0:00:01]} exd5 {[%emt 0:00:00]} 5. cxd5 {[%emt 0:00:00]} d6 {[%emt 0:00:00]} 6. Bg2 {[%emt 0:00:00]} g6 {[%emt 0:00:00]} 7. e4 {[%emt 0:00:00]} Bg7 {[%emt 0:00:00]} 8. Ne2 {[%emt 0:00:00]} O-O {[%emt 0:00:00]} 9. O-O {[%emt 0:00:00]} Re8 {[%emt 0:00:00]} 10. f3 {[%emt 0:00:00]} b5 {[%emt 0:00:01]} 11. a4 {[%emt 0:00:01]} b4 {[%emt 0:00:01]} 12. Nd2 {[%emt 0:00:01]} Ba6 {[%emt 0:00:01]} 13. Rb1 {[%emt 0:00:01]} Nbd7 {[%emt 0:00:00]} 14. b3 {[%emt 0:00:02]} Rc8 {[%emt 0:00:03]} 15. Re1 {[%emt 0:00:01]} Nb6 {[%emt 0:00:01]} 16. Nc4 {[%emt 0:00:01]} Nxc4 {[%emt 0:00:01]} 17. bxc4 {[%emt 0:00:00]} Bxc4 {[%emt 0:00:00]} 18. Qc2 {[%emt 0:00:01]} Ba6 {[%emt 0:00:01]} 19. Bg5 {[%emt 0:00:00]} h6 {[%emt 0:00:01]} 20. Bxf6 {[%emt 0:00:01]} Qxf6 {[%emt 0:00:00]} 21. Kh1 {[%emt 0:00:02]} g5 {[%emt 0:00:01]} 22. Nc1 {[%emt 0:00:01]} Qc3 {[%emt 0:00:01]} 23. Qe2 {[%emt 0:00:02]} Bxe2 {[%emt 0:00:01] The Next Contender resigns (Lag: Av=0.89s, max=1.1s)} 0-1

[Event "Stay Safe Play From Home 277"]
[Site "Emanuel Lasker Arena"]
[Date "2020.07.05"]
[Round "7"]
[White "NeatFox"]
[Black "Little champs"]
[Result "0-1"]
[WhiteElo "1985"]
[BlackElo "2237"]
[PlyCount "42"]
[EventDate "2020.07.05"]
[EventType "swiss (blitz)"]

1. g4 {[%emt 0:00:05]} c6 {[%emt 0:00:01]} 2. Bg2 {[%emt 0:00:02]} d5 {[%emt 0:00:00]} 3. c4 {[%emt 0:00:01]} e6 {[%emt 0:00:01]} 4. cxd5 {[%emt 0:00:00]} exd5 {[%emt 0:00:02]} 5. Qb3 {[%emt 0:00:00]} Nf6 {[%emt 0:00:03]} 6. g5 {[%emt 0:00:01]} Nfd7 {[%emt 0:00:01]} 7. d4 {[%emt 0:00:01]} Be7 {[%emt 0:00:01]} 8. Nf3 {[%emt 0:00:00]} O-O {[%emt 0:00:01]} 9. h4 {[%emt 0:00:00]} a5 {[%emt 0:00:01]} 10. Nc3 {[%emt 0:00:01]} a4 {[%emt 0:00:00]} 11. Nxa4 {[%emt 0:00:00]} b5 {[%emt 0:00:01]} 12. Nc5 {[%emt 0:00:01]} Nxc5 {[%emt 0:00:01]} 13. dxc5 {[%emt 0:00:00]} Bxc5 {[%emt 0:00:00]} 14. Bf4 {[%emt 0:00:02]} Qb6 {[%emt 0:00:01]} 15. e3 {[%emt 0:00:01]} Nd7 {[%emt 0:00:03]} 16. Bg3 {[%emt 0:00:01]} b4 {[%emt 0:00:01]} 17. O-O {[%emt 0:00:02]} Ba6 {[%emt 0:00:00]} 18. Rfd1 {[%emt 0:00:01]} Bc4 {[%emt 0:00:01]} 19. Qc2 {[%emt 0:00:01]} b3 {[%emt 0:00:01]} 20. axb3 {[%emt 0:00:01]} Bxb3 {[%emt 0:00:00]} 21. Ra2 {[%emt 0:00:02]} Bxc2 {[%emt 0:00:01] NeatFox gibt auf (Lag: Av=0.69s, max=1.1s)} 0-1

[Event "Stay Safe Play From Home 277"]
[Site "Emanuel Lasker Arena"]
[Date "2020.07.05"]
[Round "7"]
[White "Haris kollari 13"]
[Black "SoulofWolf"]
[Result "1-0"]
[WhiteElo "1792"]
[BlackElo "2183"]
[Annotator "NA"]
[PlyCount "65"]
[EventDate "2020.07.05"]
[EventType "swiss (blitz)"]

1. e4 {[%emt 0:00:01]} c5 {[%emt 0:00:00]} 2. f4 {[%emt 0:00:01]} e6 {[%emt 0:00:00]} 3. Nf3 {[%emt 0:00:01]} d5 {[%emt 0:00:00]} 4. e5 {[%emt 0:00:01]} d4 {[%emt 0:00:01]} 5. c3 {[%emt 0:00:01]} Nc6 {[%emt 0:00:00]} 6. d3 {[%emt 0:00:01]} Nge7 {[%emt 0:00:02]} 7. c4 {[%emt 0:00:01]} h5 {[%emt 0:00:01]} 8. Nbd2 {[%emt 0:00:01]} Nf5 {[%emt 0:00:01]} 9. Ne4 {[%emt 0:00:01]} Be7 {[%emt 0:00:01]} 10. Bd2 {[%emt 0:00:01]} O-O {[%emt 0:00:00]} 11. Be2 {[%emt 0:00:01]} a6 {[%emt 0:00:00]} 12. Qb3 {[%emt 0:00:02]} Rb8 {[%emt 0:00:01]} 13. a4 {[%emt 0:00:01]} Bd7 {[%emt 0:00:01]} 14. O-O {[%emt 0:00:02]} Qc7 {[%emt 0:00:03]} 15. h3 {[%emt 0:00:01]} b6 {[%emt 0:00:00]} 16. g4 {[%emt 0:00:02]} hxg4 {[%emt 0:00:00]} 17. hxg4 {[%emt 0:00:01]} Nh6 {[%emt 0:00:00]} 18. Neg5 {[%emt 0:00:02]} Nxg4 {[%emt 0:00:03]} 19. Kg2 {[%emt 0:00:03]} f6 {[%emt 0:00:03]} 20. exf6 {[%emt 0:00:05]} gxf6 {[%emt 0:00:00]} 21. Ne4 {[%emt 0:00:01]} Kf7 {[%emt 0:00:01]} 22. Rh1 {[%emt 0:00:01]} Rg8 {[%emt 0:00:01]} 23. Rh7+ {[%emt 0:00:07]} Rg7 {[%emt 0:00:01]} 24. Rxg7+ {[%emt 0:00:03]} Kxg7 {[%emt 0:00:00]} 25. Rg1 {[%emt 0:00:02]} Rg8 {[%emt 0:00:01]} 26. Kf1 {[%emt 0:00:01]} Kf7 {[%emt 0:00:01]} 27. Ne5+ {[%emt 0:00:02]} Ncxe5 {[%emt 0:00:02]} 28. fxe5 {[%emt 0:00:01]} Nh2+ {[%emt 0:00:05]} 29. Kf2 {[%emt 0:00:02]} f5 {[%emt 0:00:02]} 30. Bh5+ {[%emt 0:00:03]} Kf8 {[%emt 0:00:01]} 31. Bh6+ {[%emt 0:00:01]} Rg7 {[%emt 0:00:02]} 32. Rxg7 {[%emt 0:00:01]} fxe4 {[%emt 0:00:05]} 33. Rg2# {[%emt 0:00:01] (Lag: Av=0.35s, max=0.7s)} 1-0

[Event "Stay Safe Play From Home 277"]
[Site "Emanuel Lasker Arena"]
[Date "2020.07.05"]
[Round "8"]
[White "Broken sword"]
[Black "The Next Contender"]
[Result "1-0"]
[WhiteElo "2459"]
[BlackElo "2020"]
[PlyCount "31"]
[EventDate "2020.07.05"]
[EventType "swiss (blitz)"]

1. d4 {[%emt 0:00:01]} d5 {[%emt 0:00:00]} 2. c4 {[%emt 0:00:00]} c6 {[%emt 0:00:00]} 3. Nc3 {[%emt 0:00:00]} e6 {[%emt 0:00:01]} 4. Nf3 {[%emt 0:00:00]} Nf6 {[%emt 0:00:01]} 5. Bg5 {[%emt 0:00:01]} Be7 {[%emt 0:00:01]} 6. Bxf6 {[%emt 0:00:01]} Bxf6 {[%emt 0:00:00]} 7. cxd5 {[%emt 0:00:00]} cxd5 {[%emt 0:00:01]} 8. e3 {[%emt 0:00:00]} O-O {[%emt 0:00:00]} 9. Bd3 {[%emt 0:00:00]} b6 {[%emt 0:00:00]} 10. Qb1 {[%emt 0:00:01]} Bb7 {[%emt 0:00:00]} 11. Bxh7+ {[%emt 0:00:01]} Kh8 {[%emt 0:00:00]} 12. Bd3 {[%emt 0:00:00]} Nc6 {[%emt 0:00:03]} 13. Qd1 {[%emt 0:00:01]} e5 {[%emt 0:00:01]} 14. dxe5 {[%emt 0:00:01]} Nxe5 {[%emt 0:00:00]} 15. Nxe5 {[%emt 0:00:00]} g6 {[%emt 0:00:02]} 16. Nf3 {[%emt 0:00:02] (Lag: Av=0.45s, max=0.8s)} 1-0

[Event "Stay Safe Play From Home 277"]
[Site "Emanuel Lasker Arena"]
[Date "2020.07.05"]
[Round "8"]
[White "Lnram"]
[Black "NeatFox"]
[Result "1-0"]
[WhiteElo "2454"]
[BlackElo "1978"]
[PlyCount "63"]
[EventDate "2020.07.05"]
[EventType "swiss (blitz)"]

1. g3 {[%emt 0:00:01]} c6 {[%emt 0:00:00]} 2. Bg2 {[%emt 0:00:01]} d5 {[%emt 0:00:00]} 3. d4 {[%emt 0:00:01]} g6 {[%emt 0:00:00]} 4. e3 {[%emt 0:00:01]} Bg7 {[%emt 0:00:00]} 5. Nf3 {[%emt 0:00:01]} Nf6 {[%emt 0:00:00]} 6. O-O {[%emt 0:00:00]} O-O {[%emt 0:00:00]} 7. c4 {[%emt 0:00:00]} Bg4 {[%emt 0:00:01]} 8. Nc3 {[%emt 0:00:00]} Bxf3 {[%emt 0:00:01]} 9. Bxf3 {[%emt 0:00:01]} dxc4 {[%emt 0:00:00]} 10. Qa4 {[%emt 0:00:01]} Nfd7 {[%emt 0:00:03]} 11. Qxc4 {[%emt 0:00:02]} Nb6 {[%emt 0:00:00]} 12. Qb3 {[%emt 0:00:01]} e6 {[%emt 0:00:02]} 13. a4 {[%emt 0:00:01]} N8d7 {[%emt 0:00:01]} 14. a5 {[%emt 0:00:01]} Nd5 {[%emt 0:00:00]} 15. Nxd5 {[%emt 0:00:01]} exd5 {[%emt 0:00:00]} 16. Qxb7 {[%emt 0:00:01]} Qc8 {[%emt 0:00:02]} 17. Qxc8 {[%emt 0:00:01]} Raxc8 {[%emt 0:00:00]} 18. Bd2 {[%emt 0:00:01]} Rb8 {[%emt 0:00:00]} 19. b4 {[%emt 0:00:01]} Rfe8 {[%emt 0:00:04]} 20. Rfc1 {[%emt 0:00:01]} Rec8 {[%emt 0:00:01]} 21. Rc2 {[%emt 0:00:01]} Rb7 {[%emt 0:00:02]} 22. Bxd5 {[%emt 0:00:02]} Nf6 {[%emt 0:00:04]} 23. Bxc6 {[%emt 0:00:01]} Rbc7 {[%emt 0:00:01]} 24. b5 {[%emt 0:00:01]} a6 {[%emt 0:00:01]} 25. d5 {[%emt 0:00:05]} Nxd5 {[%emt 0:00:02]} 26. Rac1 {[%emt 0:00:02]} Nf6 {[%emt 0:00:04]} 27. b6 {[%emt 0:00:01]} Re7 {[%emt 0:00:03]} 28. Bg2 {[%emt 0:00:01]} Rxc2 {[%emt 0:00:01]} 29. Rxc2 {[%emt 0:00:00]} Bf8 {[%emt 0:00:01]} 30. b7 {[%emt 0:00:01]} Rxb7 {[%emt 0:00:02]} 31. Bxb7 {[%emt 0:00:02]} Bc5 {[%emt 0:00:03]} 32. Rxc5 {[%emt 0:00:01] NeatFox gibt auf (Lag: Av=0.72s, max=1.5s)} 1-0

[Event "Stay Safe Play From Home 277"]
[Site "Emanuel Lasker Arena"]
[Date "2020.07.05"]
[Round "8"]
[White "Little champs"]
[Black "BrainThinker22"]
[Result "1/2-1/2"]
[WhiteElo "2244"]
[BlackElo "2418"]
[Annotator "NA"]
[PlyCount "82"]
[EventDate "2020.07.05"]
[EventType "swiss (blitz)"]

1. d4 {[%emt 0:00:01]} d5 {[%emt 0:00:01]} 2. e3 {[%emt 0:00:00]} e6 {[%emt 0:00:01]} 3. Nf3 {[%emt 0:00:00]} Nf6 {[%emt 0:00:00]} 4. Be2 {[%emt 0:00:00]} Be7 {[%emt 0:00:00]} 5. O-O {[%emt 0:00:00]} O-O {[%emt 0:00:00]} 6. c4 {[%emt 0:00:00]} c5 {[%emt 0:00:00]} 7. Nc3 {[%emt 0:00:00]} cxd4 {[%emt 0:00:01]} 8. exd4 {[%emt 0:00:00]} dxc4 {[%emt 0:00:00]} 9. Bxc4 {[%emt 0:00:01]} Nc6 {[%emt 0:00:00]} 10. a3 {[%emt 0:00:00]} h6 {[%emt 0:00:01]} 11. d5 {[%emt 0:00:00]} exd5 {[%emt 0:00:01]} 12. Nxd5 {[%emt 0:00:01]} Nxd5 {[%emt 0:00:00]} 13. Qxd5 {[%emt 0:00:01]} Qxd5 {[%emt 0:00:01]} 14. Bxd5 {[%emt 0:00:01]} Bf6 {[%emt 0:00:00]} 15. Re1 {[%emt 0:00:02]} Bf5 {[%emt 0:00:01]} 16. Be4 {[%emt 0:00:01]} Bxe4 {[%emt 0:00:02]} 17. Rxe4 {[%emt 0:00:01]} Rad8 {[%emt 0:00:00] Little champs reconnected.} 18. Be3 {[%emt 0:00:02]} Bxb2 {[%emt 0:00:04]} 19. Rb1 {[%emt 0:00:01]} Bxa3 {[%emt 0:00:02]} 20. g3 {[%emt 0:00:01]} b6 {[%emt 0:00:02]} 21. Ra4 {[%emt 0:00:01]} Bd6 {[%emt 0:00:05]} 22. Rc1 {[%emt 0:00:00]} Ne5 {[%emt 0:00:01]} 23. Nxe5 {[%emt 0:00:01]} Bxe5 {[%emt 0:00:00]} 24. Rxa7 {[%emt 0:00:00]} Bd4 {[%emt 0:00:01]} 25. Bxd4 {[%emt 0:00:01]} Rxd4 {[%emt 0:00:00]} 26. Rb7 {[%emt 0:00:00]} Rb4 {[%emt 0:00:01]} 27. Rc6 {[%emt 0:00:01]} b5 {[%emt 0:00:00]} 28. Rcb6 {[%emt 0:00:00]} Re8 {[%emt 0:00:00]} 29. Rxb5 {[%emt 0:00:01]} Rxb5 {[%emt 0:00:00]} 30. Rxb5 {[%emt 0:00:01]} Kh7 {[%emt 0:00:00]} 31. Kg2 {[%emt 0:00:00]} f6 {[%emt 0:00:01]} 32. Rb7 {[%emt 0:00:00]} Kg6 {[%emt 0:00:00]} 33. h4 {[%emt 0:00:00]} h5 {[%emt 0:00:01]} 34. Rc7 {[%emt 0:00:02]} Re5 {[%emt 0:00:01]} 35. Rc3 {[%emt 0:00:00] BrainThinker22 offers a draw} Rd5 {[%emt 0:00:02]} 36. Rf3 {[%emt 0:00:00]} Rf5 {[%emt 0:00:03]} 37. Re3 {[%emt 0:00:00]} Rd5 {[%emt 0:00:02]} 38. Rc3 {[%emt 0:00:00]} Re5 {[%emt 0:00:01] BrainThinker22 offers a draw Little champs reconnected.} 39. Rf3 {[%emt 0:00:01]} Rf5 {[%emt 0:00:02]} 40. Rc3 {[%emt 0:00:00] Little champs offers a draw} Re5 {[%emt 0:00:01] BrainThinker22 offers a draw} 41. Rf3 {[%emt 0:00:00]} Rf5 {[%emt 0:00:01]} 1/2-1/2